| 000 | 00605na a2200217 4500 | ||
|---|---|---|---|
| 001 | 19474 | ||
| 003 | MIRAKIL | ||
| 005 | 20181213154954.0 | ||
| 008 | 161215b tu 000 0 | ||
| 040 |
_aMilas _btur _cTR-AnCHP |
||
| 041 | _atur | ||
| 082 |
_a363.2 _bİ95 1996 |
||
| 090 | _a363.2 İ95 1996 | ||
| 100 | _aİyim, Gürsel Devrim | ||
| 245 |
_aÇarşı ve mahalle bekçileri _bsorunları-çözümleri _cGürsel Devrim İyim |
||
| 260 |
_a[y.y.] _b[yayl. y.] _c1996 |
||
| 300 |
_a92 s. _c24 sm. |
||
| 650 |
_aBekçiler _zTürkiye |
||
| 650 |
_aGüvenlik güçleri _zTürkiye |
||
| 942 |
_2ddc _cBKS |
||
| 999 |
_c4130 _d4130 |
||